Responses for Show #4677 - Tuesday, December 28, 2004

Aaron Thompson game 4.

Contestants

[<< previous game]

Dan Suzman, a college student originally from Chevy Chase, Maryland

Laurie Genevro Cole, an adjunct professor and town council member from Vienna, Virginia

Aaron Thompson, an executive assistant from Washington, D.C. (whose 3-day cash winnings total $57,899)

[next game >>]

Jeopardy! Round responses

BACK IN '65
ONWARD CHRISTIAN SLATER
(Alex: You have to name the film.)
COLLEGE BOWL
SPECS & THE CITY
LOOK WHAT CAME IN THE MAIL
RHYME TIME
    $200 1
the moon

Dan
    $200 10
Heathers

Dan
    $200 17
the University of Michigan

Aaron
    $200 26
(Dan: What's London?)
...
(Alex: What is Hartsfield-Jackson airport in [*]?)

Atlanta

Dan
Triple Stumper
    $200 16
Hallmark

Aaron
    $200 2
June swoon

Aaron
    $400 3
Westminster Abbey

Aaron
    $400 12
Tucker: The Man and His Dream

Laurie
    $400 18
Karl Marx

Triple Stumper
    $400 27
Detroit

Aaron
    $400 22
Netflix

Dan
    $400 7
ill will

Dan
    $600 4
Richmond

Aaron
    $600 13
(Laurie: What is The Sign of the Rose?)

The Name of the Rose

LaurieDan
    $600 19
bears

Aaron
    $600 28
Los Angeles

Laurie
    $600 23
(a summons for) jury duty

Aaron
    $600 8
a gender bender

Triple Stumper
    $800 5
Hanover

Aaron
    $800 14
Three Thousand Miles to Graceland

Triple Stumper
    $1,500 20
(Aaron: What is Harvard?)

Amherst

Aaron
    $800 29
Memphis

Dan
    $800 24
credit cards

Laurie
    $800 9
plain jane

Laurie
    $1000 6
Rembrandt

Dan
    $1000 15
Broken Arrow

Dan
    $1000 21
Gallaudet

Dan
    $1000 30
Colorado Springs

Aaron
    $1000 25
New Zealand

Aaron
    $1000 11
wine & dine

Triple Stumper

Scores at the first commercial break (after clue 15):

Aaron Laurie Dan
$2,000 $600 $3,400

Scores at the end of the Jeopardy! Round:

Aaron Laurie Dan
$4,500 $2,000 $5,400

Double Jeopardy! Round responses

BRITISH POETS LAUREATE
THE TV CHARACTER SPEAKS
IKE-ONOGRAPHY
"BERT"DAYS
FRUITS & VEGETABLES
LETTER LETTER
(Alex: Correct responses will consist of a two-letter sequence.)
    $400 8
(Dan: Who is Charles?)

Edward

LaurieDan
    $400 14
Ricky Ricardo

Dan
    $400 21
(Robert E.) Lee

Dan
    $400 1
Prince Albert (of Monaco)

Laurie
    $400 6
a radish

Laurie
    $400 22
GM

Dan
    $800 10
(Laurie: What is London Bridge?)

snow

LaurieDan
    $800 17
Mork

Aaron
    $800 25
NATO

Dan
    $800 2
(William S.) Gilbert (of Gilbert & Sullivan)

Laurie
    $800 7
an apple

Dan
    $800 23
(Laurie: What is K?)
(Alex: We need two letters.)
(Laurie: Oh!)
(Alex: Yep, sorry.)

OK

AaronLaurie
    $1200 11
Wordsworth

Dan
    $1200 18
McCoy

Aaron
    $1200 3
(Elisha) Cuthbert

Aaron
    $1200 9
a pomegranate

Dan
    $1200 24
(Dan: Uh, what is, uh, RX?)

RN

AaronDan
    $4,000 12
Ted Hughes

Dan
    $1600 19
Homer Simpson

Laurie
    $2,300 4
(Aaron: Who is Ethelbert?)

Robert the Bruce

Aaron
    $1600 15
coconuts

Laurie
    $1600 26
DA

Triple Stumper
    $2000 13
(Dan: What's a ship?)
(Alex: Be more specific.)
(Dan: Uh, a, uh, sailing ship.)
(Aaron: What's a steady ship?)

a tall ship

AaronLaurieDan
    $2000 20
Jerry Seinfeld

Aaron
    $2000 5
(Gerard Barnes) Lambert

Laurie
    $2000 16
Corn Laws

Dan
    $2000 27
(Alex: Wolfram, the other name for tungsten.)
[The end-of-round signal sounds.]

VW

Aaron

Scores at the end of the Double Jeopardy! Round:

Aaron Laurie Dan
$9,400 $9,600 $13,800

[wagering suggestions for these scores]

Final Jeopardy! Round responses

8-LETTER WORDS
(Alex: Doesn't sound too tough, does it?)
AaronWhat are vacation & vocation?
$0
LaurieWhat are vocation & vacation?
$9,400
DanWhat are vacation & vocation?
$4,199
vocation & vacation

Final scores:

Aaron Laurie Dan
$9,400 $19,000 $17,999
3rd place: $1,000 New champion: $19,000 2nd place: $2,000

Game dynamics:

Coryat scores:

Aaron Laurie Dan
$13,200 $9,600 $11,400
18 R,
3 W
(including 2 DDs)
12 R,
3 W
19 R
(including 1 DD),
4 W

Combined Coryat: $34,200

[game clues] [game scores] [suggest correction]

Game tape date: 2004-11-02
The J! Archive is created by fans, for fans. Scraping, republication, monetization, and malicious use prohibited; this site may use cookies and collect identifying information. See terms. The Jeopardy! game show and all elements thereof, including but not limited to copyright and trademark thereto, are the property of Jeopardy Productions, Inc. and are protected under law. This website is not affiliated with, sponsored by, or operated by Jeopardy Productions, Inc. Join the discussion at JBoard.tv.